000 00692nam a2200253Ia 4500
008 160319s9999 xx 000 0 und d
020 _a971-08-6220-0
050 _aFIL LC 315.P5
050 _b.B38 2002 c.1
100 _aBauzon, Prisciliano T.
245 _aEssentials of values education /
245 _cPrisciliano T. Bauzon.
250 _a2nd Edition
260 _aMandaluyong:
260 _bNational Book Store,
260 _c2002
300 _a169 pages :
300 _billustrations ;
300 _c22 cm.
500 _aIncludes bibliographical references and index
650 _aMoral education -- Philippines.
650 _aSocial values.
650 _xValues.
999 _c291622
_d291622